000 00636nam a22001937a 4500
005 20251108165316.0
008 250721s1988 xx 000 0 ara d
082 1 4 _a956.61/ابر
100 1 _aكيفي، إبراهيم أحمد حسين
245 1 0 _aمكه المكرمه /
264 1 _aالرياض :
_bالرئاسه لعامه لرعاية الشباب - الإدارة العامه للنشاطات الثقافيه،
_c1988.
300 _a306ص
490 0 _aهذة بلادنا ؛19
650 1 7 _aجزيرة العرب
650 1 7 _aالتاريخ
650 1 7 _aالسعودية
942 _2ddc
_cBK
999 _c24704
_d24704